Stimulátor na zakorenenie rastlín. A 01N 25/04

Bibliographic Details
Main Author: Vondruš, Bohumil (Author)
Format: Book
Language:Undetermined
PhysicalDescription:7 s.
Published: Banská Bystrica Úrad priemyselného vlastníctva SR 1997

MARC

LEADER 00000nam a2200000 a 4500
001 vtls001223819
003 SK-MaSNL
005 20260301154620.0
008 240313s1997 xo 0 und
035 |a SNK000170046 
040 |a SNK  |b slo  |c SNK  |e AACR2 
044 |a xo  |c SK 
100 1 |a Vondruš, Bohumil  |4 aut  |9 517755 
245 1 |a Stimulátor na zakorenenie rastlín. A 01N 25/04 
260 |a Banská Bystrica  |b Úrad priemyselného vlastníctva SR  |c 1997 
300 |a 7 s. 
999 |c 797478  |d 799408 
952 |t P60, <04>, [BOOK], {604}  |a SNK  |b SNK  |y VYP  |7 0  |p 17A0052423  |o snkSK 278343  |i snkPS 22/97  |0 0  |1 0  |4 0  |d 1997-03-05  |l 0  |r 2005-01-01 00:00:00  |w 2026-02-24